Código civil: citas de jurisprudencia. Anotaciones y concordancias. Indice temático
Salvato in:
| Natura: | Libro |
|---|---|
| Lingua: | spagnolo |
| Pubblicazione: |
Santiago
LexisNexis
2006
|
| Edizione: | 6a. ed |
| Soggetti: | |
| Tags: |
Aggiungi Tag
Nessun Tag, puoi essere il primo ad aggiungerne!!
|
MARC
| LEADER | 00000nam a2200000 a 4500 | ||
|---|---|---|---|
| 001 | UCI1075 | ||
| 003 | CL-VaPUC | ||
| 008 | 070615e20060000CL |||||||||||||||||spa|d | ||
| 020 | |a 9562384748 | ||
| 082 | 0 | 4 | |a 346.83 |b COD |2 21 |
| 245 | 1 | 0 | |a Código civil: citas de jurisprudencia. Anotaciones y concordancias. Indice temático |
| 250 | |a 6a. ed | ||
| 300 | |a 1014 p | ||
| 942 | |c BK | ||
| 945 | |d 20070615 00:00:00 |a jtorresc | ||
| 260 | |a Santiago |b LexisNexis |c 2006 | ||
| 500 | |a Actualizada al 19 de enero de 2006 | ||
| 650 | 0 | |a Código civil |9 256135 | |
| 651 | 7 | |a CHILE |2 CL-VaPUC |9 521397 | |
| 583 | |a last modification |c 20070615 00:00:00 |k Rodrigo Vera | ||
| 999 | |c 325991 |d 325989 | ||
| 952 | |0 0 |1 0 |4 0 |6 346_830000000000000_COD_2006 |7 0 |8 R |9 407566 |a BIBDER |b BIBDER |d 2019-11-22 |i 434717K |o 346.83 COD 2006 |p 434717K |r 2019-11-22 |w 2019-11-22 |y BK_R |k DER | ||
| 952 | |0 0 |1 0 |4 0 |6 346_830000000000000_COD_2006 |7 0 |8 R |9 407567 |a BIBDER |b BIBDER |d 2019-11-22 |i 4287193 |o 346.83 COD 2006 |p 4287193 |r 2019-11-22 |w 2019-11-22 |y BK_R |k DER | ||
| 952 | |0 0 |1 0 |4 0 |6 346_830000000000000_COD_2006 |7 0 |8 R |9 407568 |a BIBDER |b BIBDER |d 2019-11-22 |i 4287207 |o 346.83 COD 2006 |p 4287207 |r 2019-11-22 |w 2019-11-22 |y BK_R |k DER | ||